| 000 -LEADER |
| fixed length control field |
00682cam a22002171 4500 |
| 001 - CONTROL NUMBER |
| control field |
6483132 |
| 005 - DATE AND TIME OF LATEST TRANSACTION |
| control field |
20180209072009.0 |
| 008 - FIXED-LENGTH DATA ELEMENTS--GENERAL INFORMATION |
| fixed length control field |
720310s1949 nyu 000 0 eng |
| 010 ## - LIBRARY OF CONGRESS CONTROL NUMBER |
| LC control number |
49001495 |
| 035 ## - SYSTEM CONTROL NUMBER |
| System control number |
(OCoLC)261172 |
| 040 ## - CATALOGING SOURCE |
| Original cataloging agency |
DLC |
| Transcribing agency |
ODaWU |
| Modifying agency |
OCoLC |
| -- |
DLC |
| 041 ## - LANGUAGE CODE |
| Language code of text/sound track or separate title |
eng |
| 042 ## - AUTHENTICATION CODE |
| Authentication code |
premarc |
| 080 ## - UNIVERSAL DECIMAL CLASSIFICATION NUMBER |
| Universal Decimal Classification number |
136.7354 |
| 082 ## - DEWEY DECIMAL CLASSIFICATION NUMBER |
| Classification number |
136.7354 HAV |
| 100 1# - Rafti |
| Rafti |
24 |
| 101 ## - Shkurtesa |
| Shkurtesa |
FIL |
| 245 10 - TITLE STATEMENT |
| Title |
Adolescent character and personality, |
| Statement of responsibility, etc |
by Robert J. Havighurst and Hilda Taba [in collaboration with Andrew W. Brown and others] the Committee on Human Development, the University of Chicago. |
| 906 ## - LOCAL DATA ELEMENT F, LDF (RLIN) |
| a |
7 |
| b |
cbc |
| c |
oclcrpl |
| d |
u |
| e |
ncip |
| f |
19 |
| g |
y-gencatlg |
| 942 ## - ADDED ENTRY ELEMENTS (KOHA) |
| Source of classification or shelving scheme |
|
| Item type |
Books |